Malaysian minerals yearbook 2002.
| Format: | Book |
|---|---|
| Published: |
Kuala Lumpur:
Minerals and Geoscience Department Malaysia,
2003.
|
| Subjects: |
| LEADER | 00445cam a2200145 7i4500 | ||
|---|---|---|---|
| 001 | 0000013439 | ||
| 005 | 20040214090000.0 | ||
| 022 | 0 | 0 | |a 13945076 |
| 090 | 0 | 0 | |a M 338.85 |b MAL |
| 245 | 0 | 0 | |a Malaysian minerals yearbook 2002. |
| 260 | 0 | 0 | |a Kuala Lumpur: |b Minerals and Geoscience Department Malaysia, |c 2003. |
| 300 | # | # | |a 125 p. |
| 650 | 0 | 0 | |a Minerals -- |x Yearbooks -- |z Malaysia |
| 651 | 0 | 0 | |a Malaysia |
| 999 | |a 0000015398 |b Book |c Malaysia |e Business Information Centre | ||